000 00497nam a22001937a 4500
003 OSt
005 20240710095816.0
008 240710b |||||||| |||| 00| 0 eng d
020 _a9780324785753
040 _cMUST
082 _222
_a388.5 ARN 2008
100 _aArnold, Roger A.
_918587
245 _aMicroeconomics
_cRoger A. Arnold
250 _a9th ed
300 _axxiv, 551p.
_bcol. ill.
_c26cm
504 _aGlossary and index included
650 _2microeconomics
942 _2ddc
_cO_SHELF
999 _c9131
_d9131